000 00978nam0a22002771 4500
001 rc\2777017
005 20250806204939.0
035 _a(NLR Aleph) 006903298
090 _a30561
_c30561
100 _a20110915d1941 u y0rusy50 ca
101 0 _arus
102 _aRU
105 _ay z |||a|
200 1 _aЗолото
_eПьеса в 4 актах
_e(Новый вариант)
_fА. Филимонов, В. Дистлер
210 _aМосква
_cУпр-ние по охране автор. прав.
_d1941
215 _a82, 30 с.
_d21 см.
300 _aСтеклогр. изд.
700 1 _aФилимонов
_bА.А.
_f1904-
_gАлександр Александрович
701 1 _aДистлер
_bВ.В.
_gВадим Васильевич
801 0 _aRU
_bNLR
_gpsbo
801 1 _aRU
_bELAR
_2rusmarc
852 _aNLR
_jЛ30 Г-3/20
942 _cBOOK
945 _aРоссийская национальная библиотека
980 _aNB
980 _aBV